000 00517nam a2200193Ia 4500
005 20250508153300.0
008 008 250505s9999 xx 000 0 hin d
020 _a81-85229-44-9
037 _aTextual
040 _aFEDL
_beng
_cFEDL
041 _ahin
_2eng
084 _a954, KAP
_qFEDL
100 _aKapoor Kaidas
_9763608
245 0 _aBhartiya sabhyata ka vikas
260 _aLucknow, India
_bAshok Prakashan
_c1962
300 _a82p.
942 _cTEXL
_h954, KAP
999 _c1341717
_d1341717